LIBRARY & INFORMATION CENTRE, KCAET, TAVANUR

ONLINE PUBLIC ACCESS CATALOGUE (OPAC)

Development of process protocol for banana flour (Record no. 15008)

MARC details
000 -LEADER
fixed length control field 00647nam a22001817a 4500
003 - CONTROL NUMBER IDENTIFIER
control field OSt
088 ## - REPORT NUMBER
Report number P 280
100 ## - MAIN ENTRY--AUTHOR NAME
Personal name DHANASREE B
-- SNEHA SUKUMARAN
-- VITHU PRABHA
245 ## - TITLE STATEMENT
Title Development of process protocol for banana flour
260 ## - PUBLICATION, DISTRIBUTION, ETC. (IMPRINT)
Place of publication Tavanur 2014
Name of publisher Department of Post-Harvest Technology and Agricultural Processing
300 ## - PHYSICAL DESCRIPTION
Number of Pages 50
500 ## - GENERAL NOTE
General note Development of process protocol for banana flour
520 ## - SUMMARY, ETC.
Summary, etc Development of process protocol for banana flour
700 ## - ADDED ENTRY--PERSONAL NAME
Personal name Dr. Sudheer K. P (Guide)
856 ## - ELECTRONIC LOCATION AND ACCESS
Uniform Resource Identifier https://drive.google.com/open?id=1Sa0mimktz5lfKRX-Sy-IdsJNNO10odL8
942 ## - ADDED ENTRY ELEMENTS (KOHA)
Koha item type Project Report
Holdings
Collection code Home library Current library Shelving location Full call number Accession Number Koha item type
Reference KAUAET KAUAET Reference 631.56 DHA/DE P 280 Project Report
free website counter